000 00575nam a22002297a 4500
003 UA-OsUOA
001 47883
007 ta
008 20070822b un ||||| |||| 00| 0 ukr d
090 _a016
_bД71
942 _cBK
040 _aUA-OsUOA
_bukr
_cUA-OsUOA
_dUA-OsUOA
245 _aДоцент Юрій Сак
300 _a109 с.
955 _a2
041 _aukr
080 _a016
020 _a978-966-387-006-9
260 _aУжгород
_c2007
650 7 _a01 Бібліографія і бібліографії. Каталоги
_2UDC
999 _c333982
_d333982